000 01149nam a22002537a 4500
001 BD-DhSAU 7469
003 BD-DhSAU
005 20231004105515.0
008 150422b2006 bg ||||| m||m 00| 0 eng d
040 _aBD-DhSAU
082 _222
_a636.085
_bIs41
100 _aISLAM, MD TAJUL
_eRegistration No. # 20-11142
245 _aGrowth performance of broiler fed diet containing de oiled rice bran supplemented with protease and halquinol /
_bMS thesis
260 _aSher-e- Bangla Agricultural University:
_bDepartment of Animal Nutrition, Genetics and Breeding,
_c2022.
300 _aix, 53p.:
_b30 cm.
500 _aMS thesis of Department of Animal Nutrition, Genetics and Breeding, Faculty of Animal Science, Sher-e-Bangla Agricultural University, Dhaka, Bangladesh
590 _aNamul
650 _abroiler fed diet containing de oiled rice bran
651 _aprotease and halquinol
700 _aProf. Dr. Md. Mufazzal Hossain
_eSuperviser
700 _aAssico. Prof. Dr. Mofassara Akter
_eCo-Superviser
856 _uhttp://archive.saulibrary.edu.bd:8080/xmlui/handle/123456789/4999
942 _2ddc
_cTHESIS
999 _c17089
_d17088